Review of approaches to evaluate the effectiveness of weed biological control agents (Registro nro. 13634)

Detalles MARC
000 -CABECERA
Campo de control 007780000a22002530004500
090 ## - CLASIFICACIÓN LOCAL
Colección AR
Consecutivo 04534
041 0# - IDIOMA
Código de idioma para texto/pista de sonido o título separado
100 1# - ASIENTO PRINCIPAL--NOMBRE PERSONAL
Nombre personal Morin, L.
245 10 - MENCION DE TITULO
Título Review of approaches to evaluate the effectiveness of weed biological control agents
650 14 - ASIENTO SECUNDARIO DE MATERIA - TERMINO TEMATICO
Término temático o nombre geográfico como elemento de entrada Control biológico
650 14 - ASIENTO SECUNDARIO DE MATERIA - TERMINO TEMATICO
Término temático o nombre geográfico como elemento de entrada Plantas invasoras
650 14 - ASIENTO SECUNDARIO DE MATERIA - TERMINO TEMATICO
Término temático o nombre geográfico como elemento de entrada Malezas
650 14 - ASIENTO SECUNDARIO DE MATERIA - TERMINO TEMATICO
Término temático o nombre geográfico como elemento de entrada Análisis costo beneficio
650 14 - ASIENTO SECUNDARIO DE MATERIA - TERMINO TEMATICO
Término temático o nombre geográfico como elemento de entrada Monitoreo biológico
700 1# - ASIENTO SECUNDARIO - NOMBRE PERSONAL
Nombre personal Reid, A.M.
700 1# - ASIENTO SECUNDARIO - NOMBRE PERSONAL
Nombre personal Sims Chilton, N.M.
700 1# - ASIENTO SECUNDARIO - NOMBRE PERSONAL
Nombre personal Buckley, Y.M.
700 1# - ASIENTO SECUNDARIO - NOMBRE PERSONAL
Nombre personal Dhileepan, K.
700 1# - ASIENTO SECUNDARIO - NOMBRE PERSONAL
Nombre personal Hastwell, G.T.
700 1# - ASIENTO SECUNDARIO - NOMBRE PERSONAL
Nombre personal Nordblom, T.L.
700 1# - ASIENTO SECUNDARIO - NOMBRE PERSONAL
Nombre personal Raghu, S.
773 1# - Item fuente:
Título Biological control
Paginas del Articulo 1-15
Lugar, editorial y fecha de publicación 2009
Información sobre la relación 51
942 ## - ELEMENTOS ADICIONALES (KOHA)
Tipo de ítem Artículo
Existencias
Withdrawn status Lost status Damaged status No para préstamo Colección Ubicación Permanente Ubicación actual Fecha de adquisición Fuente de Valor Datos de publicación Seriada Total Checkouts Número topográfico Inventario / Código de Barras Date last seen Ejemplar Price effective from Forma de adquisición Tipo de material
      No para Préstamo Hemeroteca Bogotá Bogotá 10/11/2009 PUJ Fuera de circulación   AR 04534 027713 25/03/2015 1 25/03/2015   Artículo